Southville International School and Colleges
Your cart is empty.
  • Cart
  • Lists
    Public lists Eva Luna New books Lux_list list_1
    Your lists Log in to create your own lists
  • Log in to your account
  • Your cookies
  • Search history
Southville International School and Colleges
  • Advanced search
  • Recent comments
  • Most popular
  • Libraries

Log in to your account

Log in with GOOGLE


If you do not have an external account, but do have a local account, you can still log in:

  1. Home
  2. MARC view: Fifty bedtime stories.
Normal view MARC view ISBD view

Fifty bedtime stories. (Record no. 115101)

[ view plain ]
MARC details
000 -LEADER
fixed length control field 00594nam a2200193 a 4500
003 - CONTROL NUMBER IDENTIFIER
control field mo
005 - DATE AND TIME OF LATEST TRANSACTION
control field 20170328092906.0
008 - FIXED-LENGTH DATA ELEMENTS--GENERAL INFORMATION
fixed length control field 121010s19uu xx 00 eng d
050 ## - LIBRARY OF CONGRESS CALL NUMBER
Classification number M
Item number 813.5 Mc479 1999
100 ## - MAIN ENTRY--PERSONAL NAME
Personal name Mckie, Anna
245 ## - TITLE STATEMENT
Title Fifty bedtime stories.
260 ## - PUBLICATION, DISTRIBUTION, ETC. (IMPRINT)
Place of publication, distribution, etc Little Venice, London :
Name of publisher, distributor, etc Grandreams Limited,
Date of publication, distribution, etc 1999.
300 ## - PHYSICAL DESCRIPTION
Extent 93
500 ## - GENERAL NOTE
General note The Great green caterpillar. The Grumpy teddy bears. The Golden egg. Koala keeps up. Smile, it's a crocodile.
650 ## - SUBJECT ADDED ENTRY--TOPICAL TERM
Topical term or geographic name as entry element Stories-fiction.
700 ## - ADDED ENTRY--PERSONAL NAME
Personal name Ken Mckie (illustrated by)
942 ## - ADDED ENTRY ELEMENTS (KOHA)
Source of classification or shelving scheme Dewey Decimal Classification
Koha item type Books
Holdings
Withdrawn status Lost status Source of classification or shelving scheme Damaged status Home library Current library Shelving location Date acquired Source of acquisition Total Checkouts Full call number Barcode Date last seen Price effective from Koha item type
    Dewey Decimal Classification   Munich Library Munich Library Main Section 10/10/2012 Donation   M 813.5 Mc479 1999 M7099 04/14/2014 04/14/2014 Books

Fifty bedtime stories.

APA

Mckie A., Ken Mckie (illustrated by), . (1999). Fifty bedtime stories. Little Venice, London: Grandreams Limited.

Chicago

Mckie Anna, Ken Mckie (illustrated by), . 1999. Fifty bedtime stories. Little Venice, London: Grandreams Limited.

Harvard

Mckie A., Ken Mckie (illustrated by), . (1999). Fifty bedtime stories. Little Venice, London: Grandreams Limited.

MLA

Mckie Anna, Ken Mckie (illustrated by), . Fifty bedtime stories. Little Venice, London: Grandreams Limited. 1999.

  • Place hold
  • Print
  • Cite
  • Add to your cart (remove)
  • Save record
    BIBTEX Dublin Core MARCXML MARC (non-Unicode/MARC-8) MARC (Unicode/UTF-8) MARC (Unicode/UTF-8, Standard) MODS (XML) RIS
  • More searches
    Search for this title in:
    Other Libraries (WorldCat) Other Databases (Google Scholar) Online Stores (Bookfinder.com) Open Library (openlibrary.org)

Exporting to Dublin Core...

SOUTHVILLE LIBRARY

Southville International School and Colleges Library

1281 Tropical Ave. Cor. Luxembourg St., BF Homes International, Las Pinas City

Tel. No. 8256374 / 252358 Loc. 117/146

Powered by Koha